[Event "SVK-chT3A2 1213"]
[Site "Slovakia"]
[Date "2013.01.13"]
[Round "6.6"]
[White "Dzurjaninova, Hana"]
[Black "Bango, Lukas"]
[Result "0-1"]
[WhiteElo "1592"]
[BlackElo "1722"]
[PlyCount "94"]
[EventDate "2012.10.07"]
[EventType "team-tourn"]
[EventRounds "11"]
[EventCountry "SVK"]
[SourceTitle "EXT 2015"]
[Source "ChessBase"]
[SourceDate "2014.11.20"]
[SourceVersion "1"]
[SourceVersionDate "2014.11.20"]
[SourceQuality "1"]
[WhiteTeam "Trnava Lokomotiva Solartec IV"]
[BlackTeam "Trnava Modranka"]
[WhiteTeamCountry "SVK"]
[BlackTeamCountry "SVK"]

1. e4 d6 2. d4 Nf6 3. Nc3 g6 4. Nf3 Bg7 5. Bc4 0-0 6. 0-0 c6 7. a4 Bg4 8. Be3 Nbd7 9. h3 Bxf3 10. Qxf3 e5 11. d5 Ne8 12. Rfd1 c5 13. Bd3 Rc8 14. b3 f5 15. Bd2 f4 16. Nb5 a6 17. Na3 g5 18. g3 Nef6 19. g4 Rf7 20. Nc4 Nf8 21. Ba5 Qe7 22. Nd2 Ng6 23. Qe2 Nh4 24. Nf3 Nxf3+ 25. Qxf3 Re8 26. Bc4 Nd7 27. Kg2 Nf8 28. Qd3 f3+ 29. Kh2 h5 30. gxh5 g4 31. Rg1 Qh4 32. Rg3 Kh7 33. Qf1 Rf4 34. Bd2 Bh6 35. Be3 Nd7 36. Kh1 Rg8 37. Qg1 Nf6 38. Qh2 Nxh5 39. Bxf4 Bxf4 40. Rag1 Bxg3 41. fxg3 Qxh3 42. Qxh3 gxh3 43. g4 f2 44. Rd1 Rxg4 45. Kh2 Rg3 46. Be2 Rg2+ 47. Kh1 Ng3# 0-1

[Event "SVK-chT4A21 1213"]
[Site "Slovakia"]
[Date "2012.12.16"]
[Round "5.2"]
[White "Smrek, Peter"]
[Black "Dzurjaninova, Hana"]
[Result "1-0"]
[WhiteElo "1845"]
[BlackElo "1592"]
[PlyCount "91"]
[EventDate "2012.10.14"]
[EventType "team-tourn"]
[EventRounds "11"]
[EventCountry "SVK"]
[SourceTitle "EXT 2022"]
[Source "ChessBase"]
[SourceDate "2021.10.06"]
[SourceVersion "1"]
[SourceVersionDate "2021.10.06"]
[SourceQuality "1"]
[WhiteTeam "Vrbove"]
[BlackTeam "Trnava Lokomotiva Jun"]
[WhiteTeamCountry "SVK"]
[BlackTeamCountry "SVK"]

1. e4 e6 2. d4 d5 3. exd5 exd5 4. Nf3 Nf6 5. Bd3 Bd6 6. 0-0 0-0 7. h3 Re8 8. Nc3 c6 9. Bg5 Nbd7 10. Qd2 Qc7 11. Rfe1 b6 12. Rxe8+ Nxe8 13. Re1 Bb7 14. Be7 Nef6 15. Bxd6 Qxd6 16. Ne5 Re8 17. Nxd7 Qxd7 18. Rxe8+ Qxe8 19. Qe3 c5 20. Nb5 c4 21. Qxe8+ Nxe8 22. Be2 a6 23. Nc3 Kf8 24. Na4 b5 25. Nc5 Bc8 26. Bf3 Nf6 27. g4 h6 28. Kg2 Ke7 29. Kg3 g5 30. Bg2 h5 31. f4 gxf4+ 32. Kxf4 hxg4 33. h4 a5 34. a4 bxa4 35. Nxa4 Bd7 36. Nc3 Ke6 37. Kg5 a4 38. Nd1 Ne4+ 39. Bxe4 dxe4 40. c3 Ke7 41. Ne3 f5 42. Nxc4 Be6 43. Ne3 Kf7 44. d5 Bd7 45. c4 Ke7 46. c5 1-0

[Event "SVK-chT U20 final"]
[Site "Liptovsky Hradok"]
[Date "2012.04.29"]
[Round "4.3"]
[White "Sepesi, Samuel"]
[Black "Dzurjaninova, Hana"]
[Result "0-1"]
[WhiteElo "1869"]
[BlackElo "1529"]
[PlyCount "112"]
[EventDate "2012.04.27"]
[EventType "team-tourn"]
[EventRounds "5"]
[EventCountry "SVK"]
[SourceTitle "CBM 148 Extra"]
[Source "ChessBase"]
[SourceDate "2012.06.22"]
[SourceVersion "1"]
[SourceVersionDate "2012.06.22"]
[SourceQuality "1"]
[WhiteTeam "Kosice Slavia"]
[BlackTeam "Trnava Lokomotiva"]
[WhiteTeamCountry "SVK"]
[BlackTeamCountry "SVK"]

1. e4 e6 2. d4 d5 3. Nd2 c5 4. Ngf3 Nc6 5. exd5 exd5 6. dxc5 Bxc5 7. Nb3 Bb6 8. Bd3 Nf6 9. 0-0 0-0 10. h3 Re8 11. Bg5 Qd6 12. Kh1 Ne4 13. Bxe4 Rxe4 14. Qd2 h6 15. Bh4 Bf5 16. Rad1 Rae8 17. Qxd5 Qxd5 18. Rxd5 Be6 19. Rd2 Bc4 20. Rfd1 Be2 21. Bg3 Bxd1 22. Rxd1 Re2 23. Rd2 Rxd2 24. Nbxd2 Nd4 25. Nxd4 Bxd4 26. c3 Bxf2 27. Bxf2 Re2 28. Bxa7 Rxd2 29. b4 Rxa2 30. Bd4 Kf8 31. b5 Rc2 32. b6 g6 33. Kh2 Ke7 34. Kg3 Kd6 35. Kf3 Kd5 36. g3 Kc4 37. Ke4 Re2+ 38. Kf3 Kd3 39. h4 Re4 40. Bf6 Re6 41. Bd4 Rd6 42. Bc5 Rd5 43. Bf8 Rf5+ 44. Kg2 h5 45. Bg7 f6 46. g4 hxg4 47. Kg3 Kxc3 48. Kxg4 Kc4 49. h5 Rxh5 50. Bxf6 Rb5 51. Bd8 Kc5 52. Kg5 Rxb6 53. Bxb6+ Kxb6 54. Kxg6 Kc5 55. Kf5 b5 56. Ke4 Kc4 0-1